| 000 | 00928nam a2200241 4500 | ||
|---|---|---|---|
| 008 | 080327s1998 ch 000 0 chi | ||
| 020 | _a9575561309 | ||
| 020 |
_a9789575561307 : _cNT250/Php375 |
||
| 090 |
_aBS435 _bG51c _bc.2 |
||
| 100 | 1 | _aChen Ruiting | |
| 245 | 1 | 0 |
_aSheng jing ren di ming yi yi hui bian {ch} = _xGlossary to Biblical characters and places/ _cChen Ruiting |
| 250 | _a7th ed. | ||
| 260 |
_aTaiwam : _bOlive; _aCCLM, _cc1998 |
||
| 300 |
_a[12], 350 p. ; _c19 cm. |
||
| 500 | _aColophon title also in English: A glossary to Biblical characters and places. | ||
| 504 | _aIncludes bibliographical references and index. | ||
| 630 | 0 | 4 |
_aBible _xIndexes. |
| 650 | 4 |
_aNames in the Bible _xIndexes. |
|
| 650 | 4 |
_aNames, Geographical _xIndexes. |
|
| 740 | 0 | 2 | _aGlossary to biblical characters and places. |
| 951 |
_pC-8790 _x00037118 _oREF-CHBS435/G51c/c.2 _j080327154143076 _d2000-12-21 _cRef-CH |
||
| 999 |
_c30975 _d30975 |
||